[Event "Budapest-chT1 Lilienthal 1011"]
[Site "Budapest"]
[Date "2010.10.03"]
[Round "2"]
[White "Hudecz, Viktor"]
[Black "Kovacs, Lajos1"]
[Result "0-1"]
[WhiteElo "2166"]
[BlackElo "2212"]
[PlyCount "98"]
[EventDate "2010.09.19"]
[EventType "team-tourn"]
[EventRounds "11"]
[EventCountry "HUN"]
[SourceTitle "EXT 2020"]
[Source "ChessBase"]
[SourceDate "2019.10.17"]
[SourceVersion "1"]
[SourceVersionDate "2019.10.17"]
[SourceQuality "1"]
[WhiteTeam "Budapest Vasas II"]
[BlackTeam "Budapest Honved III"]
[WhiteTeamCountry "HUN"]
[BlackTeamCountry "HUN"]

1. e4 c5 2. Nf3 e6 3. d4 cxd4 4. Nxd4 Nf6 5. Nc3 d6 6. Be3 a6 7. Qd2 b5 8. f3 Bb7 9. g4 h6 10. h4 Nfd7 11. a4 b4 12. Nd1 d5 13. exd5 Bxd5 14. Bg2 Ne5 15. b3 Nbc6 16. Nxc6 Nxc6 17. f4 Be7 18. h5 Bh4+ 19. Kf1 Bf6 20. Rb1 Rc8 21. g5 Be7 22. c4 Bxg2+ 23. Kxg2 Qxd2+ 24. Bxd2 Rd8 25. Be3 Rd3 26. g6 Na5 27. Bb6 Rxb3 28. Ne3 Rxb1 29. Rxb1 Nc6 30. c5 0-0 31. f5 fxg6 32. fxg6 Rf4 33. Bc7 Rd4 34. Kf3 Rd2 35. Nc4 Rc2 36. Na5 Rxc5 37. Nxc6 Rxc6 38. Ba5 Rc3+ 39. Ke4 Rc5 40. Bb6 Rxh5 41. Rc1 b3 42. Rc8+ Bf8 43. Bd4 Rg5 44. Rb8 Rxg6 45. Rxb3 Rg4+ 46. Ke5 Bd6+ 47. Kxd6 Rxd4+ 48. Kxe6 Rxa4 49. Kf5 Kh7 0-1

[Event "HUN-chT 0102"]
[Site "Hungary"]
[Date "2002.04.07"]
[Round "10"]
[White "Papp, Nandor"]
[Black "Hudecz, Viktor"]
[Result "1/2-1/2"]
[WhiteElo "2148"]
[BlackElo "2190"]
[PlyCount "50"]
[EventDate "2001.??.??"]
[EventType "team-tourn"]
[EventRounds "11"]
[EventCountry "HUN"]
[SourceTitle "EXT 2004"]
[Source "ChessBase"]
[SourceDate "2003.11.25"]
[SourceVersion "1"]
[SourceVersionDate "2003.11.25"]
[SourceQuality "1"]

1. c4 e5 2. Nc3 d6 3. g3 g6 4. Bg2 Bg7 5. e4 Ne7 6. Nge2 0-0 7. 0-0 Be6 8. d3 Qc8 9. Be3 c5 10. Qd2 Nbc6 11. Nd5 Bg4 12. f3 Be6 13. Nec3 Qd7 14. Rf2 f5 15. Bg5 Rf7 16. a3 Raf8 17. b4 Bxd5 18. Nxd5 Nxd5 19. cxd5 Nd4 20. Qd1 f4 21. gxf4 exf4 22. Rf1 cxb4 23. axb4 Qb5 24. Rb1 Rc7 25. Kh1 h6 1/2-1/2

[Event "HUN-ch U20"]
[Site "Paks"]
[Date "2002.03.31"]
[Round "7"]
[White "Fodor, Tamas Jr"]
[Black "Hudecz, Viktor"]
[Result "1/2-1/2"]
[WhiteElo "2051"]
[BlackElo "2206"]
[PlyCount "30"]
[EventDate "2002.03.27"]
[EventType "swiss"]
[EventRounds "9"]
[EventCountry "HUN"]
[SourceTitle "EXT 2004"]
[Source "ChessBase"]
[SourceDate "2003.11.25"]
[SourceVersion "1"]
[SourceVersionDate "2003.11.25"]
[SourceQuality "1"]

1. d4 Nf6 2. Nc3 d5 3. Bg5 Nbd7 4. Nf3 b6 5. e3 Bb7 6. Bd3 e6 7. 0-0 Be7 8. Ne5 a6 9. f4 h6 10. Bh4 Ne4 11. Be1 Nxc3 12. bxc3 0-0 13. Kh1 a5 14. Qe2 c5 15. Qf3 Ba6 1/2-1/2

[Event "HUN-ch U20"]
[Site "Paks"]
[Date "2002.03.27"]
[Round "1"]
[White "Hudecz, Viktor"]
[Black "Antal, Gergely"]
[Result "1/2-1/2"]
[WhiteElo "2206"]
[BlackElo "2426"]
[PlyCount "103"]
[EventDate "2002.03.27"]
[EventType "swiss"]
[EventRounds "9"]
[EventCountry "HUN"]
[SourceTitle "EXT 2004"]
[Source "ChessBase"]
[SourceDate "2003.11.25"]
[SourceVersion "1"]
[SourceVersionDate "2003.11.25"]
[SourceQuality "1"]

1. e4 c5 2. Nf3 e6 3. d4 cxd4 4. Nxd4 Nf6 5. Nc3 d6 6. Bg5 a6 7. Qd2 h6 8. Be3 Ng4 9. 0-0-0 b5 10. Kb1 Bb7 11. Bd3 Nd7 12. f4 Nxe3 13. Qxe3 Qb6 14. Rhe1 e5 15. Nf5 g6 16. Qxb6 Nxb6 17. Ne3 exf4 18. Ned5 Bxd5 19. Nxd5 Nxd5 20. exd5+ Be7 21. Re4 g5 22. Rde1 Ra7 23. a4 bxa4 24. Rxa4 Kd8 25. Rb4 Bf6 26. Rb8+ Kc7 27. Rxh8 Bxh8 28. Re7+ Kb6 29. Rxa7 Kxa7 30. c3 Kb6 31. Kc2 a5 32. b4 g4 33. bxa5+ Kxa5 34. Be2 h5 35. h3 f3 36. Bf1 fxg2 37. Bxg2 f5 38. Bf1 Kb6 39. hxg4 hxg4 40. Bd3 g3 41. Bf1 Kc5 42. Bg2 Kc4 43. Kd2 Bxc3+ 44. Ke3 Be5 45. Bh1 Kc3 46. Bg2 Kc2 47. Bh3 f4+ 48. Ke2 Kc3 49. Bg2 Bd4 50. Bf3 Bc5 51. Kf1 Kd4 52. Kg2 1/2-1/2

[Event "Budapest Spring op 18th"]
[Site "Budapest"]
[Date "2002.03.20"]
[Round "6"]
[White "Hudecz, Viktor"]
[Black "Sarkozi, Ferenc"]
[Result "1-0"]
[WhiteElo "2206"]
[BlackElo "2071"]
[PlyCount "77"]
[EventDate "2002.03.15"]
[EventType "swiss"]
[EventRounds "9"]
[EventCountry "HUN"]
[SourceTitle "CBM 087 Extra"]
[Source "ChessBase"]
[SourceDate "2002.05.03"]
[SourceVersion "2"]
[SourceVersionDate "2002.08.09"]
[SourceQuality "1"]

1. e4 e6 2. d4 d5 3. Nd2 dxe4 4. Nxe4 Nf6 5. Bg5 Be7 6. Bxf6 gxf6 7. Nf3 b6 8. Bb5+ Bd7 9. Qd3 h5 10. 0-0-0 c6 11. Ba4 Qc7 12. Kb1 a5 13. c3 Na6 14. Rhe1 b5 15. Bc2 0-0-0 16. Qe3 Qb8 17. g3 Nc7 18. Qf4 Nd5 19. Qxb8+ Kxb8 20. Ned2 Nb6 21. Nh4 Bc8 22. Nf5 Bf8 23. Ne3 Nd5 24. Ne4 Be7 25. h4 Rdg8 26. Nd2 Bb7 27. a4 Nxe3 28. Rxe3 bxa4 29. Bxa4 c5 30. Nb3 cxd4 31. Rxd4 Rd8 32. Nxa5 Bc5 33. Rxd8+ Rxd8 34. Nxb7 Kxb7 35. Re2 Ra8 36. Bc2 Kc7 37. Be4 Rd8 38. Kc2 Bd6 39. Bf3 1-0

[Event "HUN-ch U18"]
[Site "Balatonlelle"]
[Date "2001.??.??"]
[Round "5"]
[White "Pali, Gabor"]
[Black "Hudecz, Viktor"]
[Result "0-1"]
[WhiteElo "2098"]
[BlackElo "2187"]
[PlyCount "88"]
[EventDate "2001.??.??"]
[EventType "swiss"]
[EventRounds "9"]
[EventCountry "HUN"]
[SourceTitle "EXT 2002"]
[Source "ChessBase"]
[SourceDate "2001.11.25"]
[SourceVersion "1"]
[SourceVersionDate "2001.11.25"]
[SourceQuality "1"]

1. e4 c5 2. Nf3 d6 3. c3 Nf6 4. h3 Nc6 5. Bd3 g6 6. Bc2 e5 7. 0-0 Bg7 8. d4 0-0 9. dxe5 dxe5 10. Be3 Qe7 11. Nbd2 b6 12. Ba4 Bb7 13. Bb5 Rad8 14. Qc2 Nh5 15. Rad1 a6 16. Bxc6 Bxc6 17. Rfe1 Bb5 18. c4 Bc6 19. Nb1 Rxd1 20. Rxd1 f5 21. Bg5 Bf6 22. Bxf6 Nxf6 23. Qc3 Bxe4 24. Nxe5 Bxb1 25. Rxb1 Ne4 26. Qe3 Qxe5 27. f3 Qg3 28. b4 Ng5 29. bxc5 bxc5 30. Rb7 Rd8 31. Rd7 Rxd7 32. Qe8+ Kg7 33. Qxd7+ Nf7 34. Qb7 Qe1+ 35. Kh2 Qe5+ 36. Kh1 Qa1+ 37. Kh2 Qxa2 38. Qd5 Qe2 39. f4 Qe3 40. Kh1 Qc1+ 41. Kh2 Qxf4+ 42. Kh1 Qe4 43. Qxc5 Qe1+ 44. Kh2 Qe5+ 0-1

[Event "Budapest WFG op"]
[Site "Budapest"]
[Date "2000.??.??"]
[Round "?"]
[White "Hudecz, Viktor"]
[Black "Dobos, Jozsef"]
[Result "1/2-1/2"]
[WhiteElo "2165"]
[BlackElo "2335"]
[PlyCount "105"]
[EventDate "2000.??.??"]
[EventType "swiss"]
[EventRounds "9"]
[EventCountry "HUN"]
[SourceTitle "EXT 2004"]
[Source "ChessBase"]
[SourceDate "2003.11.25"]
[SourceVersion "1"]
[SourceVersionDate "2003.11.25"]
[SourceQuality "1"]

1. e4 c5 2. Nf3 d6 3. d4 cxd4 4. Nxd4 Nf6 5. Nc3 a6 6. Be3 e5 7. Nb3 Be6 8. f3 Be7 9. Qd2 h5 10. 0-0-0 Nbd7 11. f4 Qc7 12. Kb1 b5 13. f5 Bc4 14. Bd3 0-0-0 15. Qe2 Kb8 16. Nd2 Bxd3 17. Qxd3 Nc5 18. Qe2 Qb7 19. Bxc5 dxc5 20. Nf3 Qc7 21. Rxd8+ Rxd8 22. Rd1 Rxd1+ 23. Qxd1 b4 24. Nd5 Qd6 25. Qd3 Nxd5 26. Qxd5 Qxd5 27. exd5 e4 28. Ne5 Bd6 29. Nc6+ Kc7 30. c3 bxc3 31. bxc3 Bxh2 32. c4 Bf4 33. Kc2 g5 34. fxg6 fxg6 35. Ne7 g5 36. Ng6 Kd8 37. Nf8 Ke7 38. Ne6 Kd6 39. Kd1 h4 40. Ke2 Bc1 41. Kd1 Bf4 42. Ke2 Ke5 43. Nxc5 g4 44. d6 h3 45. d7 Bg5 46. gxh3 gxh3 47. Kf1 Be7 48. Nxa6 Kd4 49. Nb4 Kxc4 50. Nc6 Bh4 51. Ne5+ Kd5 52. Ng6 Bd8 53. Nf4+ 1/2-1/2

[Event "Budapest WFG op"]
[Site "Budapest"]
[Date "2000.??.??"]
[Round "?"]
[White "Hudecz, Viktor"]
[Black "Szabo, Zsolt"]
[Result "1/2-1/2"]
[WhiteElo "2165"]
[BlackElo "2395"]
[PlyCount "57"]
[EventDate "2000.??.??"]
[EventType "swiss"]
[EventRounds "9"]
[EventCountry "HUN"]
[SourceTitle "EXT 2004"]
[Source "ChessBase"]
[SourceDate "2003.11.25"]
[SourceVersion "1"]
[SourceVersionDate "2003.11.25"]
[SourceQuality "1"]

1. e4 d6 2. d4 g6 3. Nc3 Bg7 4. Be3 c6 5. Qd2 b5 6. a3 Nd7 7. Be2 Bb7 8. f4 a6 9. Bf3 Qc7 10. Nge2 Nb6 11. b3 e6 12. 0-0 Ne7 13. Ng3 f5 14. Rad1 0-0 15. Qf2 Rac8 16. e5 Ned5 17. Nge2 Rfd8 18. Nxd5 cxd5 19. c3 Bc6 20. Nc1 Be8 21. Bd2 dxe5 22. dxe5 Bf8 23. Be3 Nd7 24. Ne2 Nc5 25. b4 Na4 26. Bd4 Nb2 27. Ra1 Nc4 28. Nc1 a5 29. Nd3 1/2-1/2

[Event "Budapest WFG op"]
[Site "Budapest"]
[Date "2000.??.??"]
[Round "?"]
[White "Jakab, Attila"]
[Black "Hudecz, Viktor"]
[Result "1-0"]
[WhiteElo "2295"]
[BlackElo "2165"]
[PlyCount "53"]
[EventDate "2000.??.??"]
[EventType "swiss"]
[EventRounds "9"]
[EventCountry "HUN"]
[SourceTitle "EXT 2004"]
[Source "ChessBase"]
[SourceDate "2003.11.25"]
[SourceVersion "1"]
[SourceVersionDate "2003.11.25"]
[SourceQuality "1"]

1. c4 Nf6 2. Nc3 e5 3. g3 g6 4. Bg2 Bg7 5. Nf3 d6 6. d3 0-0 7. 0-0 c6 8. Rb1 Nbd7 9. e4 Ne8 10. b3 f5 11. exf5 Rxf5 12. d4 Rf8 13. Bb2 exd4 14. Nxd4 Ne5 15. Qd2 c5 16. Nde2 Nf3+ 17. Bxf3 Rxf3 18. Nf4 Kh8 19. Kg2 Rxf4 20. Qxf4 Bf5 21. Rbd1 Qc8 22. Rfe1 Qc6+ 23. Kg1 Bh3 24. Nd5 Nf6 25. Bxf6 Rf8 26. Bxg7+ Kxg7 27. Re7+ 1-0

[Event "HUN-ch U16"]
[Site "Paks"]
[Date "1999.03.31"]
[Round "5"]
[White "Hudecz, Viktor"]
[Black "Szilagyi, Zsolt"]
[Result "0-1"]
[WhiteElo "2158"]
[BlackElo "2169"]
[PlyCount "86"]
[EventDate "1999.03.27"]
[EventType "tourn"]
[EventRounds "9"]
[EventCountry "HUN"]
[SourceTitle "EXT 2004"]
[Source "ChessBase"]
[SourceDate "2003.11.25"]
[SourceVersion "1"]
[SourceVersionDate "2003.11.25"]
[SourceQuality "1"]

1. e4 c5 2. Nf3 Nc6 3. d4 cxd4 4. Nxd4 Qc7 5. Nc3 e6 6. g3 a6 7. Bg2 Nf6 8. 0-0 Be7 9. Kh1 d6 10. f4 Nd7 11. a4 0-0 12. Nb3 b6 13. g4 Bb7 14. g5 Rfe8 15. Qh5 g6 16. Qg4 Bf8 17. Bd2 Bg7 18. Nd1 b5 19. Rf3 f5 20. Qh4 fxe4 21. Rh3 Nf8 22. Nc3 bxa4 23. Nxa4 d5 24. c3 Ne7 25. Qf2 Nf5 26. Be3 Bc6 27. Bb6 Qb8 28. Na5 Bb5 29. c4 Nd7 30. Rb3 Nxb6 31. cxb5 Nxa4 32. Rxa4 axb5 33. Bf1 bxa4 34. Rxb8 Raxb8 35. Nc6 e3 36. Qc2 Rxb2 37. Qxa4 e2 38. Bxe2 Rxe2 39. Nd4 Re1+ 40. Kg2 Rf8 41. Qa5 Re4 42. Nb3 Rxf4 43. Qc5 Ne3+ 0-1

[Event "HUN-ch U16"]
[Site "Paks"]
[Date "1999.03.29"]
[Round "3"]
[White "Hudecz, Viktor"]
[Black "Balogh, Viktor"]
[Result "0-1"]
[WhiteElo "2158"]
[BlackElo "2145"]
[PlyCount "130"]
[EventDate "1999.03.27"]
[EventType "tourn"]
[EventRounds "9"]
[EventCountry "HUN"]
[SourceTitle "EXT 2004"]
[Source "ChessBase"]
[SourceDate "2003.11.25"]
[SourceVersion "1"]
[SourceVersionDate "2003.11.25"]
[SourceQuality "1"]

1. e4 c5 2. Nf3 d6 3. d4 cxd4 4. Nxd4 Nf6 5. Nc3 Nc6 6. Bg5 e6 7. Qd2 a6 8. 0-0-0 h6 9. Be3 Bd7 10. f3 b5 11. g4 Na5 12. g5 hxg5 13. Bxg5 Qc7 14. f4 b4 15. Nce2 Nxe4 16. Qe3 d5 17. Ng3 Nxg5 18. fxg5 Bd6 19. Qf3 Bf4+ 20. Kb1 Bxg5 21. Nh5 g6 22. h4 Rxh5 23. hxg5 Rxh1 24. Qxh1 Qe5 25. Qh7 Ke7 26. Qh4 Rh8 27. Nf5+ gxf5 28. Qxb4+ Qd6 29. Qxa5 Rh1 30. Qc3 d4 31. Qd2 Bb5 32. Qg2 Rxf1 33. Rxf1 Bxf1 34. Qxf1 f4 35. a4 a5 36. Qf3 e5 37. Qe4 Ke6 38. g6 fxg6 39. Qxg6+ Kd5 40. Qf7+ Ke4 41. Qh7+ Ke3 42. Qd3+ Kf2 43. Qd2+ Kg3 44. Qe1+ Kg4 45. Qe4 Qf6 46. Qg2+ Kf5 47. Qh3+ Ke4 48. Qd3+ Kd5 49. Qb5+ Ke6 50. Qb3+ Kf5 51. Qh3+ Kg5 52. Qg2+ Kh5 53. Qh3+ Qh4 54. Qf5+ Qg5 55. Qh3+ Kg6 56. Qe6+ Kg7 57. Qd7+ Kf6 58. Qc6+ Kf5 59. Qd7+ Ke4 60. Qh7+ Kf3 61. Qd3+ Kg2 62. Qe2+ Kh1 63. Qe4+ Qg2 64. Qxe5 f3 65. Qxd4 Qg1+ 0-1

[Event "HUN-ch U16"]
[Site "Paks"]
[Date "1999.03.27"]
[Round "1"]
[White "Hudecz, Viktor"]
[Black "Jakab, Attila"]
[Result "0-1"]
[WhiteElo "2158"]
[BlackElo "2244"]
[PlyCount "54"]
[EventDate "1999.03.27"]
[EventType "tourn"]
[EventRounds "9"]
[EventCountry "HUN"]
[SourceTitle "EXT 2004"]
[Source "ChessBase"]
[SourceDate "2003.11.25"]
[SourceVersion "1"]
[SourceVersionDate "2003.11.25"]
[SourceQuality "1"]

1. e4 e6 2. d4 d5 3. Nd2 Nf6 4. e5 Nfd7 5. Bd3 c5 6. c3 Nc6 7. Ne2 cxd4 8. cxd4 f6 9. exf6 Nxf6 10. Nf3 Bd6 11. 0-0 0-0 12. b3 Bd7 13. Bb2 Be8 14. Ng3 Nh5 15. Ne5 Qh4 16. Be2 Nf4 17. Bf3 Nxe5 18. dxe5 Bc5 19. a4 Bg6 20. Ba3 Bxa3 21. Rxa3 Nd3 22. Bg4 Rae8 23. f4 Nxf4 24. b4 h5 25. Bf3 Qg5 26. Qd4 h4 27. Ne2 Qxg2+ 0-1

[Event "Tapolca op"]
[Site "Budapest"]
[Date "1999.01.10"]
[Round "3"]
[White "Hudecz, Viktor"]
[Black "Feher, Attila"]
[Result "1/2-1/2"]
[WhiteElo "2130"]
[BlackElo "2225"]
[PlyCount "66"]
[EventDate "1999.01.??"]
[EventType "swiss"]
[EventRounds "9"]
[EventCountry "HUN"]
[SourceTitle "CBM 068 Extra"]
[Source "ChessBase"]
[SourceDate "1999.03.01"]
[SourceVersion "1"]
[SourceVersionDate "1999.03.01"]
[SourceQuality "1"]

1. e4 d6 2. d4 f5 3. Nc3 Nf6 4. Bd3 Nc6 5. Be3 g6 6. Qf3 e5 7. dxe5 Nxe5 8. Qe2 Nxd3+ 9. cxd3 Bg7 10. Nf3 0-0 11. 0-0 Kh8 12. Qc2 c6 13. Qb3 Qe7 14. Rfe1 Be6 15. Qa3 fxe4 16. dxe4 Ng4 17. Bg5 Qc7 18. Bh4 Ne5 19. Nxe5 Bxe5 20. Rac1 Qb6 21. Rc2 Rf7 22. Bg3 Raf8 23. Bxe5+ dxe5 24. Ree2 Bc4 25. Red2 Qe3 26. h3 Rxf2 27. Rxf2 Rxf2 28. Rxf2 Qe1+ 29. Kh2 Qxf2 30. Qe7 Qf4+ 31. Kg1 Qf1+ 32. Kh2 Qf4+ 33. Kg1 Qf1+ 1/2-1/2

[Event "Balaton op"]
[Site "Hungary"]
[Date "1999.??.??"]
[Round "4"]
[White "Szirmai, Eduard"]
[Black "Hudecz, Viktor"]
[Result "1/2-1/2"]
[WhiteElo "2205"]
[BlackElo "2155"]
[PlyCount "44"]
[EventDate "1999.??.??"]
[EventType "swiss"]
[EventRounds "9"]
[EventCountry "HUN"]
[SourceTitle "EXT 2000"]
[Source "ChessBase"]
[SourceDate "1999.11.16"]
[SourceVersion "1"]
[SourceVersionDate "1999.11.16"]
[SourceQuality "1"]

1. d4 Nf6 2. Nf3 e6 3. Bg5 Be7 4. e3 h6 5. Bh4 b6 6. Bd3 Bb7 7. 0-0 0-0 8. Nbd2 d5 9. c3 Ba6 10. Bxa6 Nxa6 11. Ne5 Nb8 12. c4 Nfd7 13. Bg3 Nxe5 14. Bxe5 Nd7 15. Bg3 dxc4 16. Nxc4 c5 17. d5 exd5 18. Qxd5 Nf6 19. Qf3 Qd5 20. Qe2 Ne4 21. Rad1 Nxg3 22. hxg3 Qe6 1/2-1/2

[Event "Budapest FS06 FM"]
[Site "Budapest"]
[Date "1998.??.??"]
[Round "?"]
[White "Balogh, Csaba"]
[Black "Hudecz, Viktor"]
[Result "1-0"]
[WhiteElo "2155"]
[BlackElo "2135"]
[PlyCount "53"]
[EventDate "1998.06.??"]
[EventType "tourn"]
[EventRounds "11"]
[EventCountry "HUN"]
[SourceTitle "EXT 2004"]
[Source "ChessBase"]
[SourceDate "2003.11.25"]
[SourceVersion "1"]
[SourceVersionDate "2003.11.25"]
[SourceQuality "1"]

1. e4 c5 2. Nf3 d6 3. d4 cxd4 4. Nxd4 Nf6 5. Nc3 g6 6. Be3 Bg7 7. f3 0-0 8. Qd2 Nc6 9. Bc4 Bd7 10. h4 h5 11. 0-0-0 Rc8 12. Bb3 Ne5 13. Bg5 Rc5 14. Kb1 b5 15. g4 Nc4 16. Qe2 hxg4 17. Bxc4 bxc4 18. Qe3 Nh5 19. Nd5 Re8 20. fxg4 Bxg4 21. Rhg1 Bc8 22. c3 Kh7 23. Qf3 f6 24. Be3 Bh6 25. Rxg6 Kxg6 26. Rg1+ Bg5 27. Bxg5 1-0